Linear algebra
Shranjeno v:
| Glavni avtor: | |
|---|---|
| Format: | Knjiga |
| Jezik: | angleščina |
| Izdano: |
Reading
Addison-Wesley
1971
|
| Izdaja: | 2a. ed |
| Teme: | |
| Oznake: |
Označite
Brez oznak, prvi označite!
|
MARC
| LEADER | 00000nam a2200000 a 4500 | ||
|---|---|---|---|
| 001 | UCQ8315 | ||
| 003 | CL-VaPUC | ||
| 008 | 981209e19710000US |||||||||||||||||eng|d | ||
| 082 | 0 | 4 | |a 512.5 |b LAN |2 21 |
| 100 | |a Lang, Serge |9 719911 | ||
| 245 | 1 | 0 | |a Linear algebra |
| 250 | |a 2a. ed | ||
| 300 | |a 400 p | ||
| 942 | |c BK | ||
| 945 | |d 19981209 00:00:00 |a crobeson | ||
| 260 | |a Reading |b Addison-Wesley |c 1971 | ||
| 650 | 0 | |a Álgebra |9 259567 | |
| 650 | 0 | |a Matemática |9 260235 | |
| 650 | 0 | |a Álgebra lineal |9 260445 | |
| 650 | 0 | |a Vectores |9 317184 | |
| 650 | 0 | |a Matrices |9 22 | |
| 650 | 7 | |a DETERMINANTES |2 CL-VaPUC |9 422227 | |
| 650 | 0 | |a Polinomios |9 270626 | |
| 650 | 0 | |a Teoría de grupos |9 270028 | |
| 583 | |a last modification |c 19981209 00:00:00 |k Rodrigo Vera | ||
| 999 | |c 277600 |d 277598 | ||
| 952 | |0 0 |1 0 |4 0 |6 512_500000000000000_LAN_1971 |7 0 |8 A |9 315624 |a BIBMAT |b BIBMAT |d 2019-11-20 |i 1301063 |o 512.5 LAN 1971 |p 1301063 |r 2025-01-07 |w 2019-11-20 |y BK |k MAT | ||
| 952 | |0 0 |1 0 |4 0 |6 512_500000000000000_LAN_1971 |7 0 |8 A |9 315625 |a BIBMAT |b BIBMAT |d 2019-11-20 |i 448973K |o 512.5 LAN 1971 |p 448973K |r 2025-01-07 |w 2019-11-20 |y BK |k MAT | ||